यश अपयश / (Record no. 49307)

MARC details
000 -LEADER
fixed length control field 01240nam a22002537a 4500
005 - DATE AND TIME OF LATEST TRANSACTION
control field 20101220114026.0
008 - FIXED-LENGTH DATA ELEMENTS--GENERAL INFORMATION
fixed length control field 101220t xxu||||| |||| 00| 0 mar d
010 ## - LCCN (DPL NO)
LC control number MAR-20439-40
020 ## - INTERNATIONAL STANDARD BOOK NUMBER
Terms of availability 550.00 ( 2भाग )
035 ## - SYSTEM CONTROL NUMBER
System control number MR-13097-98
037 ## - SOURCE OF ACQUISITION
Source of stock number/acquisition DBAD / PUB
040 ## - CATALOGING SOURCE
Original cataloging agency DPL
Language of cataloging MR
082 ## - DEWEY DECIMAL CLASSIFICATION NUMBER
Classification number 921
100 ## - MAIN ENTRY--PERSONAL NAME
Personal name जोग,वि स
9 (RLIN) 24952
245 ## - TITLE STATEMENT
Title यश अपयश /
Statement of responsibility, etc वि स जोग
246 ## - VARYING FORM OF TITLE
Title proper/short title Yash Upyash
Remainder of title by V S Jog
260 ## - PUBLICATION, DISTRIBUTION, ETC. (IMPRINT)
Place of publication, distribution, etc नागपूर
Name of publisher, distributor, etc लाखे प्रकाशन
Date of publication, distribution, etc 2010
270 ## - ADDRESS
Address मुकुंदराज पथ,महाल
City नागपूर
Postal code -2
300 ## - PHYSICAL DESCRIPTION
Extent 2भाग (272पृ ;271पृ)
Dimensions 21सेमी (अजिल्द )
500 ## - GENERAL NOTE
General note 2 भाग
942 ## - ADDED ENTRY ELEMENTS (KOHA)
Source of classification or shelving scheme Dewey Decimal Classification
Item type Marathi Books
Classification part 921
Call number suffix जोगवि
Holdings
Withdrawn status Lost status Source of classification or shelving scheme Materials specified (bound volume or other part) Damaged status Not for loan Collection code Home library Current library Date acquired Source of acquisition Cost, normal purchase price Total Checkouts Full call number Barcode Date last seen Copy number Cost, replacement price Koha item type
    Dewey Decimal Classification भाग-1   Not For Loan Non-fiction D.B.Act.Division D.B.Act.Division 20/12/2010 DBAD / PUB 550.00   921 जोगवि MR-13097 20/12/2010 1 550.00 Marathi Books
    Dewey Decimal Classification भाग- 2   Not For Loan Non-fiction D.B.Act.Division D.B.Act.Division 20/12/2010 DBAD / PUB 550.00   921 जोगवि MR-13098 20/12/2010 1 550.00 Marathi Books

© Delhi Public Library
Hit Counter
free hit counter